| 000 | 00928cam a22002411i 4500 | ||
|---|---|---|---|
| 003 | SA-RiAUC | ||
| 005 | 20250716063920.0 | ||
| 008 | 250713s1982 xx g i000 0 ara c | ||
| 040 |
_aSA-JeALM _bara _cSA-RiAUC. _erda |
||
| 082 | 0 | 4 | _a210.2 |
| 090 |
_a210.2 _b ف ؤ ا |
||
| 100 | 1 |
_aفؤاد، نعمات أحمد، _d1934-2016 _eمؤلف. |
|
| 245 | 1 | 0 |
_aمن عبقرية الإسلام / _cنعمات أحمد فؤاد. |
| 264 | 1 |
_aالقاهرة : _bمطابع الاتحاد الدولي للبنوك الإسلامية، _c1982 |
|
| 300 |
_a246 صفحة ؛ _c20 سم |
||
| 336 |
_aنص _btxt _2rdacontent _3كتاب |
||
| 337 |
_aبدون وسيط _bn _2rdamedia |
||
| 338 |
_aمجلد _bnc _2rdacarrier |
||
| 500 | _aإهداء من محمد اللبابيدي بتاريخ 1412/6/24 هـ | ||
| 650 | 7 |
_aالإسلام _vمتفرقات _2aucsh |
|
| 942 |
_2ddc _cBOOK _n0 |
||
| 949 |
_aSA-JeALM _d250713 _umohamedma123 _n1 |
||
| 999 |
_c9977 _d9977 |
||